00402nam a2200133 a 450000500170000000800410001702000180005805000230007610000170009924500690011626000410018530000080022665000340023420140414132140.0140203s19uu xx 00 eng d a9781848813171 aREF 590bJa12 2008 aJackson, Tom aComplete illustrated encyclopedia of animals of the world (The). aLondon :bAnness Publishing,cc2008. a512 aZoology-xjuvenile literature